000 00798com a2200217Ia 4500
020 _a1570398860
040 _cNKM
082 _aCON YOR 2001 C102 Or.
245 0 0 _aContemporary mathematics in context
_ba unified approach.
260 _aNew York :
_bGlencoe/McGraw-Hill,
_cc2001
300 _a1 kit :
_bill. ;
_cin box, 25 x 31 x 18 cm
500 _a"Core-Plus Mathematics Project"--Cover
500 _a"Algebra and functions; statistics and probability; geometry and trigonometry; discrete mathematics"--Cover
500 _aTitle from t.p., teacher's guide
500 _aAssessment resources, part B published by Everyday Learning, c1998
500 _aK-12 textbooks
650 0 _aMathematics
700 1 _aCoxford, Arthur F
710 2 _aCore-Plus Mathematics Project
942 _cAEDBB
999 _c22223
_d22223